[Event "Prague Summer op-B 7th"]
[Site "Prague"]
[Date "2020.08.15"]
[Round "9"]
[White "Kalvach, Ladislav"]
[Black "Magura, Jan"]
[Result "1/2-1/2"]
[WhiteElo "1761"]
[BlackElo "1000"]
[PlyCount "136"]
[EventDate "2020.08.08"]
[EventType "swiss"]
[EventRounds "9"]
[EventCountry "CZE"]
[SourceTitle "EXT 2021"]
[Source "ChessBase"]
[SourceDate "2020.10.23"]
[SourceVersion "1"]
[SourceVersionDate "2020.10.23"]
[SourceQuality "1"]

1. d4 f5 2. g3 Nf6 3. Bg2 e6 4. c4 Be7 5. Nc3 d5 6. Nf3 0-0 7. Ne5 c6 8. 0-0 Nbd7 9. Qb3 Qe8 10. Bf4 Nxe5 11. dxe5 Nd7 12. cxd5 cxd5 13. Be3 Nxe5 14. Nb5 Bd8 15. Bc5 Nc4 16. Rad1 Rf6 17. Bd4 Rh6 18. h4 Bd7 19. Nc3 Bc6 20. e4 Na5 21. Qa3 fxe4 22. b4 Nc4 23. Qc1 a6 24. a4 Bf6 25. Bxf6 Rxf6 26. Nxe4 Rf8 27. Nc3 Kh8 28. a5 Qf7 29. f4 Nd6 30. Rd3 Nb5 31. Ne2 Rad8 32. Nd4 Nxd4 33. Rxd4 Bb5 34. Re1 Bc4 35. Qe3 Qf6 36. Bh3 Rd6 37. Rc1 Rc6 38. Bg2 Bb5 39. Rc5 Rxc5 40. bxc5 Bc6 41. Bh3 Re8 42. Rd1 e5 43. fxe5 Rxe5 44. Qf2 Qxf2+ 45. Kxf2 g6 46. Rd4 Kg7 47. g4 g5 48. hxg5 Rxg5 49. Bg2 Re5 50. Kg3 Kf6 51. Kf4 h6 52. Bf3 Rg5 53. Rd2 Ke6 54. Rh2 Rg6 55. Re2+ Kd7 56. Kf5 Rg8 57. Re6 Rf8+ 58. Rf6 Rxf6+ 59. Kxf6 d4 60. Bd1 d3 61. Kg6 Be4+ 62. Kxh6 Kc6 63. g5 Kxc5 64. g6 Bxg6 65. Kxg6 Kb4 66. Kf5 Kxa5 67. Ke4 Kb4 68. Kxd3 a5 1/2-1/2

[Event "Ricany op-A"]
[Site "Ricany"]
[Date "2019.08.27"]
[Round "5"]
[White "Kalvach, Ladislav"]
[Black "Smolik, Jachym"]
[Result "0-1"]
[WhiteElo "1784"]
[BlackElo "1891"]
[PlyCount "52"]
[EventDate "2019.08.24"]
[EventType "swiss"]
[EventRounds "9"]
[EventCountry "CZE"]
[SourceTitle "EXT 2020"]
[Source "ChessBase"]
[SourceDate "2019.10.17"]
[SourceVersion "1"]
[SourceVersionDate "2019.10.17"]
[SourceQuality "1"]

1. e4 c5 2. Ne2 e5 3. Nbc3 Ne7 4. g3 d5 5. exd5 Nxd5 6. Bg2 Be6 7. 0-0 Nc6 8. d3 Be7 9. f4 Nxc3 10. Nxc3 Qd7 11. Be3 0-0 12. Ne4 b6 13. fxe5 Bg4 14. Nf6+ Bxf6 15. Bxc6 Qxc6 16. Rxf6 Qxf6 17. Qxg4 Qxe5 18. Bf4 Qxb2 19. Rf1 f5 20. Qf3 Rad8 21. a4 Qxc2 22. Qc6 Qxd3 23. Re1 Qd4+ 24. Be3 Qd5 25. Qb5 Rfe8 26. a5 Qd3 0-1

[Event "Prague Menchik Memorial rapid"]
[Site "Prague"]
[Date "2018.06.10"]
[Round "8"]
[White "Folk, Petr"]
[Black "Kalvach, Ladislav"]
[Result "1-0"]
[WhiteElo "2217"]
[BlackElo "1786"]
[PlyCount "103"]
[EventDate "2018.06.10"]
[EventType "swiss (rapid)"]
[EventRounds "9"]
[EventCountry "CZE"]
[SourceTitle "CBM 184 Extra"]
[Source "ChessBase"]
[SourceDate "2018.06.28"]
[SourceVersion "1"]
[SourceVersionDate "2018.06.28"]
[SourceQuality "1"]

1. e4 c5 2. Nf3 a6 3. c3 d5 4. exd5 Qxd5 5. d4 Bg4 6. Be2 cxd4 7. cxd4 e6 8. Nc3 Bb4 9. 0-0 Bxc3 10. bxc3 Nc6 11. Re1 Nge7 12. h3 Bh5 13. c4 Qd6 14. Bb2 0-0 15. Qd3 Rfd8 16. Rad1 Nb4 17. Qb3 a5 18. a3 Nbc6 19. Qc3 f6 20. Nh2 Bf7 21. Bf3 Rac8 22. Nf1 Qf4 23. Bg4 Nf5 24. Bxf5 Qxf5 25. Ng3 Qg6 26. Qb3 Rd7 27. Ne4 Rcd8 28. Nc5 Nxd4 29. Bxd4 Rxd4 30. Rxd4 Rxd4 31. Nxe6 Bxe6 32. Rxe6 h5 33. c5 Kh7 34. Qxb7 Rd1+ 35. Kh2 Qg5 36. Qe4+ f5 37. Qe3 Qxe3 38. fxe3 Rc1 39. c6 Kg8 40. Kg3 Kf7 41. Re5 Kf6 42. Rxa5 Rxc6 43. Kf3 g5 44. Ra8 Ke5 45. Rh8 h4 46. Rh5 Ra6 47. Rxg5 Rxa3 48. Rh5 Ra4 49. g4 hxg3 50. Kxg3 Ke4 51. Rh4+ Kxe3 52. Rxa4 1-0

[Event "Prague Golden rap op 13th"]
[Site "Prague"]
[Date "2017.07.01"]
[Round "1"]
[White "Netusil, Miloslav"]
[Black "Kalvach, Ladislav"]
[Result "1-0"]
[WhiteElo "2249"]
[BlackElo "1852"]
[PlyCount "59"]
[EventDate "2017.07.01"]
[EventType "swiss (rapid)"]
[EventRounds "7"]
[EventCountry "CZE"]
[SourceTitle "EXT 2018"]
[Source "ChessBase"]
[SourceDate "2017.10.13"]
[SourceVersion "1"]
[SourceVersionDate "2017.10.13"]
[SourceQuality "1"]

1. d4 Nf6 2. c4 e6 3. Nc3 Bb4 4. e3 c5 5. Bd3 0-0 6. Nf3 b6 7. d5 d6 8. 0-0 Bxc3 9. bxc3 e5 10. Nd2 Nbd7 11. f4 Re8 12. h3 Qe7 13. Kh1 exf4 14. exf4 Qe3 15. Ne4 Nxe4 16. Bxe3 Ng3+ 17. Kg1 Nxf1 18. Bf2 Ne3 19. Qd2 Nf6 20. Bxe3 Bd7 21. Bf2 Re7 22. Re1 Rae8 23. Rxe7 Rxe7 24. Bh4 Ne4 25. Qc2 g5 26. Bxe4 gxh4 27. Bf5 Bxf5 28. Qxf5 Re1+ 29. Kh2 Re2 30. Qg4+ 1-0

[Event "Prague Summer op-B 3rd"]
[Site "Prague"]
[Date "2016.08.12"]
[Round "9"]
[White "Kalvach, Ladislav"]
[Black "Kotyk, Michael"]
[Result "0-1"]
[WhiteElo "1797"]
[BlackElo "1911"]
[PlyCount "90"]
[EventDate "2016.08.05"]
[EventType "swiss"]
[EventRounds "9"]
[EventCountry "CZE"]
[SourceTitle "CBM 173 Extra"]
[Source "ChessBase"]
[SourceDate "2016.08.29"]
[SourceVersion "1"]
[SourceVersionDate "2016.08.29"]
[SourceQuality "1"]

1. e4 e5 2. Nf3 Nc6 3. Bc4 Nf6 4. d3 d5 5. exd5 Nxd5 6. 0-0 Bc5 7. c3 0-0 8. b4 Be7 9. b5 Na5 10. Nxe5 Bf6 11. f4 Nxc3 12. Nxc3 Qd4+ 13. Kh1 Bxe5 14. fxe5 Nxc4 15. dxc4 Qxc3 16. Bf4 Qxc4 17. a4 Bf5 18. Rc1 Qa2 19. Rxc7 Rac8 20. Rxc8 Rxc8 21. Qd4 Qe2 22. Rd1 h6 23. Bg3 Be4 24. Rg1 Bxg2+ 25. Rxg2 Rc1+ 26. Qg1 Rxg1+ 27. Kxg1 Qd1+ 28. Kf2 Qxa4 29. Kf3 Qxb5 30. Bf4 g5 31. Bg3 Qd3+ 32. Kf2 a5 33. h4 g4 34. Kg1 a4 35. h5 a3 36. Kh2 Qf5 37. Bh4 Qxh5 38. Kg3 Qxe5+ 39. Kxg4 Qe6+ 40. Kf3+ Kf8 41. Re2 Qd5+ 42. Kg3 Qd3+ 43. Kf2 a2 44. Be7+ Kg8 45. Rxa2 Qd4+ 0-1

[Event "Prague Golden op 11th"]
[Site "Prague"]
[Date "2015.06.28"]
[Round "9"]
[White "Bystritskiy, Daniil"]
[Black "Kalvach, Ladislav"]
[Result "1/2-1/2"]
[WhiteElo "1957"]
[BlackElo "1837"]
[PlyCount "38"]
[EventDate "2015.06.21"]
[EventType "swiss"]
[EventRounds "9"]
[EventCountry "CZE"]
[SourceTitle "EXT 2017"]
[Source "ChessBase"]
[SourceDate "2016.10.25"]
[SourceVersion "1"]
[SourceVersionDate "2016.10.25"]
[SourceQuality "1"]

1. d4 Nf6 2. c4 e6 3. Nf3 b6 4. Nc3 Bb4 5. Bd2 Bb7 6. e3 0-0 7. Bd3 c5 8. 0-0 d5 9. a3 Bxc3 10. Bxc3 Nbd7 11. Ne5 Ne4 12. Bxe4 dxe4 13. f4 exf3 14. Nxf3 Qe7 15. Qe1 f5 16. b4 Be4 17. Qd2 Rfd8 18. Rad1 Rac8 19. Qf2 Nf6 1/2-1/2

[Event "Prague Golden op 11th"]
[Site "Prague"]
[Date "2015.06.23"]
[Round "4"]
[White "Bara, Josef Sr"]
[Black "Kalvach, Ladislav"]
[Result "0-1"]
[WhiteElo "1426"]
[BlackElo "1837"]
[PlyCount "90"]
[EventDate "2015.06.21"]
[EventType "swiss"]
[EventRounds "9"]
[EventCountry "CZE"]
[SourceTitle "EXT 2017"]
[Source "ChessBase"]
[SourceDate "2016.10.25"]
[SourceVersion "1"]
[SourceVersionDate "2016.10.25"]
[SourceQuality "1"]

1. d4 Nf6 2. c4 e6 3. Nc3 Bb4 4. Bg5 h6 5. Bh4 b6 6. Nf3 Bb7 7. e3 0-0 8. Be2 d6 9. 0-0 Bxc3 10. bxc3 Nbd7 11. Qc2 Re8 12. Nd2 e5 13. d5 Nc5 14. Bf3 g5 15. Bg3 e4 16. Be2 Qe7 17. Qd1 Rad8 18. f4 exf3 19. Rxf3 g4 20. Rxf6 Qxf6 21. Bf4 h5 22. Qc2 Bc8 23. Bd3 Nxd3 24. Qxd3 Bf5 25. Qd4 Qg6 26. Rf1 Re7 27. g3 Rde8 28. Re1 Be4 29. a3 Bd3 30. Kf2 Qf5 31. Kg1 f6 32. Kg2 Be4+ 33. Kf2 Rh7 34. Kg1 h4 35. Re2 hxg3 36. Bxg3 Bf3 37. Re1 Rhe7 38. Bh4 Rf7 39. Bg3 Qh5 40. Qf4 Re5 41. Qd4 Qh3 42. Nxf3 gxf3 43. Qd2 Re4 44. Rf1 Qg4 45. Qe2 fxe2 0-1

[Event "Ricany op-B"]
[Site "Ricany"]
[Date "2008.08.29"]
[Round "8"]
[White "Kalvach, Ladislav"]
[Black "Rut, Vaclav"]
[Result "0-1"]
[WhiteElo "1881"]
[BlackElo "1649"]
[PlyCount "54"]
[EventDate "2008.08.23"]
[EventType "swiss"]
[EventRounds "9"]
[EventCountry "CZE"]
[SourceTitle "CBM 126 Extra"]
[Source "ChessBase"]
[SourceDate "2008.11.05"]
[SourceVersion "1"]
[SourceVersionDate "2008.11.05"]
[SourceQuality "1"]

1. e4 g6 2. d4 Bg7 3. Nc3 c6 4. Be2 d6 5. h3 Nd7 6. a4 Ngf6 7. f4 e5 8. Nf3 exd4 9. Nxd4 Nc5 10. Bf3 0-0 11. 0-0 Qb6 12. Kh1 Nfxe4 13. a5 Qb4 14. Nxe4 Nxe4 15. c3 Ng3+ 16. Kg1 Qc5 17. Re1 Nf5 18. Be3 Nxe3 19. Rxe3 d5 20. Qd2 Qd6 21. Ne2 f5 22. h4 Bd7 23. Rd1 Qc7 24. b4 Rfd8 25. g3 b6 26. axb6 axb6 27. b5 cxb5 0-1

[Event "Ricany op-B"]
[Site "Ricany"]
[Date "2008.08.27"]
[Round "6"]
[White "Kalvach, Ladislav"]
[Black "Rihova, Kamila"]
[Result "1-0"]
[WhiteElo "1881"]
[BlackElo "1649"]
[PlyCount "71"]
[EventDate "2008.08.23"]
[EventType "swiss"]
[EventRounds "9"]
[EventCountry "CZE"]
[SourceTitle "CBM 126 Extra"]
[Source "ChessBase"]
[SourceDate "2008.11.05"]
[SourceVersion "1"]
[SourceVersionDate "2008.11.05"]
[SourceQuality "1"]

1. e4 c5 2. b3 b6 3. Bb2 Bb7 4. d3 Nc6 5. f4 d5 6. Nd2 Nf6 7. e5 Nd7 8. e6 fxe6 9. Qh5+ g6 10. Qg4 Nf6 11. Qxe6 Qd7 12. Qxd7+ Kxd7 13. Ngf3 Rg8 14. 0-0-0 Re8 15. Re1 Bg7 16. d4 Nh5 17. Ne5+ Bxe5 18. fxe5 Nxd4 19. Bxd4 cxd4 20. Nf3 e6 21. Nxd4 Rc8 22. g3 Ng7 23. Bb5+ Ke7 24. g4 Rgf8 25. Rhf1 h6 26. Kd2 g5 27. Bd3 h5 28. h3 Rh8 29. Rf6 hxg4 30. hxg4 Rcf8 31. Ref1 Rh2+ 32. Ke3 Rh3+ 33. Kd2 Rh2+ 34. Ne2 Rfh8 35. Bg6 Ba6 36. Rf7+ 1-0